| 000 | 00985nmm a2200277 a 4500 | ||
|---|---|---|---|
| 001 | ocm000955246 | ||
| 003 | TR-IsHL | ||
| 005 | 20201028150243.0 | ||
| 008 | 150110s2003 tu tur | ||
| 007 | cr cn | ||
| 020 | _a9789756525395 | ||
| 035 |
_a955246 _b(N$T) |
||
| 050 | 0 | 4 |
_aPK6908.82.T8 _bG86 2003 |
| 090 | 0 | 4 |
_aPK6908.82.T8 _bG86 2003 |
| 100 | 1 | _aGündoğar, Sinan | |
| 245 | 1 | 0 |
_aKürt masalları: seçki _h[electronic resource] / _cSinan Gündoğar ; desenler Tekin Fırat |
| 260 |
_aİstanbul : _bEvrensel Basım Yayın, _c2003 |
||
| 300 | _a175 p. | ||
| 650 | 4 | _aDil ve Edebiyat | |
| 650 | 4 | _aLanguage and Literature | |
| 650 | 0 |
_aHalk edebiyatı, Kürt _xTürkçeye çeviri |
|
| 650 | 0 |
_aFolk literature, Kurdish _xTranslations into Turkish |
|
| 650 | 7 |
_aJUVENILE FICTION / Legends, Myths, Fables / Greek & Roman _2bisacsh |
|
| 700 | 1 | _aFırat, Tekin | |
| 856 | 4 | 0 | _uhttp://search.ebscohost.com/login.aspx?direct=true&scope=site&db=e011xww&AN=955246 |
| 999 |
_c10375 _d10375 |
||